00309pab a2200109 454500008004000000100001400040245006900054260000900123300001300132650001800145773003600163180718b2001 xxu||||| |||| 00| 0 eng d aRonki Ram aAfro-Asian dialogue:understanding globalisation in the periphery c2001 ap.83-95. aGlobalization aSocial Science Research Journal